A dictionary of Indian history / (Record no. 162093)

000 -LEADER
fixed length control field 00343nam a22001331a 4500
082 ## - DEWEY DECIMAL CLASSIFICATION NUMBER
Classification number 954.003
Item number SAC/D
245 ## - TITLE STATEMENT
Title A dictionary of Indian history /
Statement of responsibility, etc. by Sachidananda Bhattacharya.
260 ## - PUBLICATION, DISTRIBUTION, ETC.
Place of publication, distribution, etc. New Delhi:
Name of publisher, distributor, etc. Cosmo,
Date of publication, distribution, etc.
300 ## - PHYSICAL DESCRIPTION
Extent 888p.
650 ## - SUBJECT ADDED ENTRY--TOPICAL TERM
Topical term or geographic name entry element History
650 ## - SUBJECT ADDED ENTRY--TOPICAL TERM
Topical term or geographic name entry element History India Dictionary
650 ## - SUBJECT ADDED ENTRY--TOPICAL TERM
Topical term or geographic name entry element History India
942 ## - ADDED ENTRY ELEMENTS (KOHA)
Koha item type Book
Holdings
Withdrawn status Lost status Damaged status Not for loan Permanent Location Current Location Shelving location Date acquired Cost, normal purchase price Total Checkouts Full call number Barcode Date last seen Price effective from Koha item type
        RC Thiruvananthapuram RC Thiruvananthapuram   11.10.2018 750.00   954.003 SAC/D TV013082 11.10.2018 11.10.2018 Book